02342 2200205 4500001002100000005001500021035002000036008004100056245004200097100001900139250000600158260003800164300001200202084001400214082000800228650001000236520186600246990001202112990001202124INLIS00000000000089220240604083126 a0010-0524000127240604 1 ind 1 aButir - Butir Asmara /cFaulina Anjar aAnjar, Faulina a1 aYogyakarta :bSheila/ Andi,c2011 a232 hlm a813 FAU b a813 4aFiksi aHidup penuh pilihan. Terkadang pilihan itu begitu sulitdan hanya ada satu kesempatan. Aku hanya manusia biasa, wanita biasa, yang nggak ingin membohongi diri sendiri. Jika ada yang harus kusesali maka itu bukan hati dan perasaanku.Aku telah kehilangan banyak waktuyang hanya menjadi sebuah penyesalanku di waktu yang akan datang. Itulah yang dirasakan Cindy selama ini. Mencintai seseorang ternyata sangat menyakitkan. Terlebih karena Cindy hanya bisa memendam perasaannya. Mungkin ia salah satu cewek diantara ribuan cewek yang terlalu pengecut, menghilangkan sebuah kesempatan dan hanya diam, sampai akhirnya kesempatan itu sirna. Allan, satu-satunya cowok yang dicintai Cindy, tiba-tiba menghilang, menyisakan sebuah kenangan manis tapi juga menyakitkan. Selama ini nggak ada cowok manapun yang lebih Cindy harapkan. Tipe cowok cuek, pengertian, tapi juga sangat misterius dan susah bergaul dengan orang lain. Semua itu hanya masa lalu yang harus segera ia lupakan. Tapi, bagaimana kalau masa lalu itu hadir kembali di saat Cindy telah menemukan sosok yang baru, yang begitu baik dan bisa mengerti dia. Apakah simpati sebanding dengan cinta? Allan kembali dengan sosok yang berbeda playboy, sangat terbuka, menyebalkan tipe cowok yang paling dibenci Cindy. Tapi cinta tetaplah cinta. Sepintar apa pun mulut bicara, Cindy nggak bisa menahan gejolak perasaannya dan berpaling kepada Falen, pacar pertamanya. Rasanya ia nggak sanggup melepaskan orang yang begitu baik hanya demi seseorang yang belum tentu menganggap keberadaannya, bahkan sangat membenci dirinya. Cinta itu serasa nggak sebanding sama pengorbanannya. Tapi, apa bener Falen sebaik itu? Benar kah ia setulus yang Cindy tau? Terlalu banyak masalah rumit yang tiba-tiba muncul dalam hidup Cindy dan rasanya terlalu rumit untuk dimengerti. Mungkin hanya Cindy yang tau pilihan terbaik untuk dirinya. a0741384 a0741385